Statistics for Songs by Letter - G

Click here to take the quiz!

General Stats

  • This quiz has been taken 64 times
  • The average score is 9 of 18

Answer Stats

SongArtist% Correct
Gangnam StylePsy
88%
Gangsta's ParadiseCoolio feat L.V.
82%
Genie In A BottleChristina Aguilera
70%
Good VibrationsThe Beach Boys
65%
Gold DiggerKanye West feat. Jamie Foxx
63%
Gettin' Jiggy Wit ItWill Smith
60%
God Save The QueenSex Pistols
58%
Georgia On My MindRay Charles
51%
GhostbustersRay Parker Jr.
49%
Gimme ShelterRolling Stones
49%
Got My Mind Set On YouGeorge Harrison
46%
Go Your Own WayFleetwood Mac
44%
Girls Like YouMaroon 5 feat. Cardi B
39%
Get Outta My Dreams, Get Into My CarBilly Ocean
35%
Give Me EverythingPitbull feat. Ne-Yo, Afrojack and Nayer
25%
Gimme All Your Lovin’ZZ Top
25%
GlycerineBush
23%
Golden BrownThe Stranglers
19%

Score Distribution

Percentile by Number Answered

Percent of People with Each Score

Your Score History

You have not taken this quiz